000 00525nam a2200157 a 4500
008 120416s1970 ||||||||||||||||| || u
020 _a0304935700
050 _aPN 43 Bre
100 _aBrewer, Ebenezer Cobham
245 1 0 _aBrewer's dictionary of phrase and fable. (Century ed.)
260 _aLondon
_bCassell
_c1970
300 _axvi, 1175p.
350 _a0.00
650 _aDICTIONARIES
995 _D0.00
_FCBU-MAIN LIBRARY (Kitwe)
_H1
_I15.00
_M1
_UREFERENCE
_ZReference Collection
999 _c36116
_d36116